000 00346nam a2200157Ia 4500
008 240830s1913 xx 000 0 und d
041 _amar
082 _a1
100 _aDIXIT Y
245 _aSTREEROGCHIKTSASAR
250 _a1
260 _aSANGALI
_bN.D.
_c1913
300 _a100p
906 _aSTREEROGCHIKTSASAR
999 _c1183892
_d1183892